000 00590nam a22001697a 4500
003 NUST
038 _aNusrat Nadeem
082 _a200
100 _aJamshaid, Zoha
_9125304
245 _aCHALLENGES FACED BY TRANSGENDERS REGARDING SEXUAL AND REPRODUCTIVE HEALTH SERVICES DURING COVID-19 IN PAKISTAN/
_cZoha Jamshaid,
264 _aIslamabad;
_bS3H NUST;
_c2024.
300 _a85,p;
_bill;
_c30,cm.
650 _aMS-Development Studies
_9123041
700 _aSupervisor: Dr. Muahmmad Ammad Khan
_9125305
856 _uhttp://10.250.8.41:8080/xmlui/handle/123456789/45704
942 _2ddc
_cSC
999 _c611062
_d611062